01152 2200205 4500001002100000005001500021035002000036008004100056245005800097100001500155250000600170260003800176300001200214084001400226082000800240650001000248520066400258990001200922990001200934INLIS00000000000091920240603080535 a0010-0524000154240603 1 ind 1 aIstana Negara Selalu Menghadap Ke Timur /cAnak S-E-N aAnak S-E-N a1 aYogyakarta :bSheila/ Andi,c2009 a234 hlm a813 ANA i a813 4aFiksi aAku bukan salah satu manusia yang bisa memahami teori relativitas. Aku tidak punya keinginan untuk menjadi manusia ke-19 yang bisa memahami teori itu. Aku bukan orang yang berpikiran melebihi jamanku. Aku hanyalah seorang wanita yang dihadapkan pada suatu teori hidup yang harus kuurai, teori yang tidak ada hubungannya dengan X atau Y. Siapa yang mau menjadi diriku? Sebagai penasehat kepresidenan, aku dituntut memiliki rasio yang sempurna. Sebagai gadis berusia 30 tahun, aku dituntut menuruti naluri "kegadisanku" untuk menemukan pasangan hidup, dan sebagai seorang Desta Aletea Sabarno... aku menjadi seseorang yang bahkan aku sendiri tidak menyukainya. a0741592 a0741593